000 01815cam a2200133 4500500
005 20260322000535.0
041 _afre
042 _adc
100 1 0 _aBarnérias, Dominique
_eauthor
245 0 0 _aLa paroisse en mouvement
260 _bDesclée De Brouwer,
_c2011.
520 _aC’est un fait, la paroisse bouge en profondeur. À la suite du concile Vatican II et des synodes qui fleurissent dans les diocèses français depuis une trentaine d’années, la vénérable institution change de visage. Et avec elle, c’est une autre figure d’Église qui se fait jour. À partir des travaux des synodes et d’une enquête sur le terrain des paroisses, Dominique Barnérias s’est livré à un travail d’évaluation théologique et pastorale de ce mouvement de fond. Les assemblées synodales témoignent selon lui d’une théologie instinctive du peuple de Dieu «, dans une Église qui fait l’apprentissage de la liberté de la parole, accepte enfin la nécessité du changement et donne un plus grand rôle aux laïcs. Elles ont aussi eu des répercussions concrètes dans la vie et l’organisation des réseaux paroissiaux. C’est un nouveau style paroissial qui est en train de naître, en reprenant la notion forgée par Christoph Theobald. Comment et dans quels domaines se manifeste cette renaissance paroissiale ? De quelle manière l’Église vit-elle sa mission dans une culture contemporaine mouvante ? Comment aujourd’hui le concile Vatican II est-il reçu dans le corps ecclésial ? Dans quelle direction l’Église peut-elle continuer à vivre du dynamisme qu’il a apporté ? Une perspective théologique stimulante.».
856 4 1 _uhttps://shs.cairn.info/la-paroisse-en-mouvement--9782220063126?lang=fr&redirect-ssocas=7080
999 _c1707109
_d1707109